Central Library OPAC University of Rajshahi

Local government in the United States of America : (Record no. 6047)

MARC details
000 -LEADER
fixed length control field 00947cam a22002891 4500
001 - CONTROL NUMBER
control field 6047
003 - CONTROL NUMBER IDENTIFIER
rucl marc code BD-RjUL
005 - DATE AND TIME OF LATEST TRANSACTION
control field 20211208234156.0
008 - FIXED-LENGTH DATA ELEMENTS--GENERAL INFORMATION
fixed length control field 140108s1961 ne b 000 0 eng d
035 ## - SYSTEM CONTROL NUMBER
System control number (BD-RjUL)6086
System control number (OCoLC)6027154
040 ## - CATALOGING SOURCE
Original cataloging agency DLC
Transcribing agency ViBlbV
Modifying agency DLC
-- BD-RjUL
Language of cataloging eng
041 ## - LANGUAGE CODE
Language code of text/sound track or separate title eng
082 00 - DEWEY DECIMAL CLASSIFICATION NUMBER
Classification number 352.073
Author mark and year LOC
110 2# - MAIN ENTRY--CORPORATE NAME
Corporate name or jurisdiction name as entry element International Union of Local Authorities.
9 (RLIN) 19019
245 10 - TITLE STATEMENT
Title Local government in the United States of America :
Remainder of title recent trends and developments /
260 ## - PUBLICATION, DISTRIBUTION, ETC. (IMPRINT)
Place of publication, distribution, etc. The Hague :
Name of publisher, distributor, etc. M. Nijhoff, for the International Union of Local Authorities,
Date of publication, distribution, etc. 1961.
300 ## - PHYSICAL DESCRIPTION
Pagination 133 p. ;
Size 23 cm.
490 1# - SERIES STATEMENT
Series statement Its [Publication]
Volume/sequential designation 57
504 ## - BIBLIOGRAPHY, ETC. NOTE
Bibliography, etc Includes bibliography.
650 #0 - SUBJECT ADDED ENTRY--TOPICAL TERM
Topical term or geographic name as entry element Local government
Geographic subdivision United States.
9 (RLIN) 13860
830 #0 - SERIES ADDED ENTRY--UNIFORM TITLE
Volume number/sequential designation 57.
Uniform title Publication (International Union of Local Authorities) ;
942 ## - ADDED ENTRY ELEMENTS (KOHA)
Source of classification or shelving scheme Dewey Decimal Classification
Koha item type Books
Holdings
Lost status Source of classification or shelving scheme Damaged status Not for loan Collection code Permanent Location Current Location Shelving location Date acquired Source of acquisition Cost, normal purchase price Total Checkouts Full call number Date last seen Copy number Koha item type
  Dewey Decimal Classification     Non-fiction Central Library, University of Rajshahi Central Library, University of Rajshahi   23/08/1968 Zeitlinger 14.00   352.073 LOC 1961 08/01/2014 C-2 Books
  Dewey Decimal Classification       Central Library, University of Rajshahi Central Library, University of Rajshahi   23/08/1968 Zeitlinger 14.00   352.073 LOC 1961 18/01/2014 C-7 Books
  Dewey Decimal Classification     Non-fiction Central Library, University of Rajshahi Central Library, University of Rajshahi   23/08/1968 Zeitlinger 14.00   352.073 LOC 1961 21/08/2016 C-3 Books
  Dewey Decimal Classification     Non-fiction Central Library, University of Rajshahi Central Library, University of Rajshahi   21/09/1968 Zeitlinger 141.00   352.073 LOC 1961 21/08/2016 C-4 Books
  Dewey Decimal Classification     Non-fiction Central Library, University of Rajshahi Central Library, University of Rajshahi   21/09/1968 Zeitlinger 141.00   352.073 LOC 1961 21/08/2016 C-5 Books
  Dewey Decimal Classification     Non-fiction Central Library, University of Rajshahi Central Library, University of Rajshahi   21/09/1968 Zeitlinger 141.00   352.073 LOC 1961 21/08/2016 C-6 Books
  Dewey Decimal Classification     Non-fiction Central Library, University of Rajshahi Central Library, University of Rajshahi Reading Room 21/09/1968 Zeitlinger 141.00   352.073 LOC 1961 21/08/2016 C-1 Books
  Dewey Decimal Classification     Non-fiction Central Library, University of Rajshahi Central Library, University of Rajshahi   21/09/1968 Zeitlinger 141.00   352.073 LOC 1961 21/08/2016 C-8 Books
  Dewey Decimal Classification     Non-fiction Central Library, University of Rajshahi Central Library, University of Rajshahi   21/09/1968 Zeitlinger 141.00   352.073 LOC 1961 21/08/2016 C-9 Books
  Dewey Decimal Classification     Non-fiction Central Library, University of Rajshahi Central Library, University of Rajshahi   21/09/1968 Zeitlinger 141.00   352.073 LOC 1961 21/08/2016 C-10 Books